000 01274cam a22003255i 4500
001 17938421
005 20140929145029.0
008 131112s2013 vau b 000 0 eng
010 _a 2013955127
020 _a1562868616
020 _a9781562868611
040 _aDLC
_cDLC
042 _apcc
050 _aTP 1
_b.H891 2013
100 1 _aHuggett, Cindy.
245 1 4 _aThe Virtual training guidebook :
_bhow to design, deliver, and implement live online learning /
_cCindy Huggett.
260 _aU.S.A. :
_bAmerican Society for Training & Development,
_cc2013.
263 _a1401
300 _avii, 208 pages :
_c26 cm.
504 _aIncludes bibliographical references and index.
505 0 _aIntroduction -- Get ready -- Select technology -- Design content -- Prepare facilitators and producers -- Prepare participants -- Create success through logistics -- Special considerations: Global issues, evaulation metrics, and future trends.
650 0 _aEducational technology.
650 0 _aInternet in education.
650 0 _aWeb-based instruction.
650 0 _aInstructional systems
_xDesign.
906 _a0
_bibc
_corigres
_d2
_encip
_f20
_gy-gencatlg
942 _2lcc
_cBK
_kFOR
999 _c275940
_d275940